| 000 | 00637nam a22001817a 4500 | ||
|---|---|---|---|
| 008 | 110421t xxu||||| |||| 00| 0 eng d | ||
| 020 | _a0406045151 | ||
| 082 |
_222 _a346.048 PHI |
||
| 100 |
_aPhillips, Jeremy _91418 |
||
| 245 |
_aIntroduction to Intellectual Property law / _cJeremy Phillips, Alison Firth . _ |
||
| 250 | _a3rd. _ | ||
| 260 |
_aUK : _bButterworth, _cc1995. |
||
| 300 |
_axxxviii, 400p. : _c23cm |
||
| 500 | _aIIncludes index | ||
| 700 |
_aFirth, Alison _91419 |
||
| 942 |
_2ddc _cBK |
||
| 999 |
_c474 _d474 |
||